00630nam a2200193 i 4500003000900000005001700009007000300026008004100029040003000070041000800100082001700108100003900125245008800164264006800252300002800320336002700348337003300375338002800408DO-SdBNP20260422083827.0ta130415s1984 dr 000 0 spa d aDO-SdBNPbspacBNPHUerda aspa 4axxxbxxx222 aLarrañaga, Ignacio,eautor4aut.10aDel sufrimiento a la paz :bhacia una liberación interior /cIgnacio Larrañaga. 1aSanto Domingo :bEdiciones Talleres de Oración y Vida,c1984. a245 páginas ;c19 cm. atextobtxt2rdacontent asin mediaciónbn2rdamedia avolumenbnc2rdacarrier